La personalidad y sus ajustes
Enregistré dans:
| Auteurs principaux: | , |
|---|---|
| Format: | Livre |
| Langue: | espagnol |
| Publié: |
Ciudad de México
UTEHA
1965
|
| Collection: | Fundamentos de la psicología moderna
|
| Sujets: | |
| Tags: |
Ajouter un tag
Pas de tags, Soyez le premier à ajouter un tag!
|
MARC
| LEADER | 00000nam a2200000 a 4500 | ||
|---|---|---|---|
| 001 | UCY6479 | ||
| 003 | CL-VaPUC | ||
| 008 | 950526e19650000MX |||||||||||||||||spa|d | ||
| 082 | 0 | 4 | |a 155.2 |b LAZ |2 21 |
| 100 | |a Lazarus, Richard S |e author |9 454610 | ||
| 700 | 0 | |a Gómez de Silva, Jorge |e author |9 336421 | |
| 245 | 1 | 3 | |a La personalidad y sus ajustes |
| 300 | |a 214 p | ||
| 942 | |c BK | ||
| 945 | |d 19950526 00:00:00 |a cmena | ||
| 260 | |a Ciudad de México |b UTEHA |c 1965 | ||
| 650 | 0 | |a Psicología |9 257863 | |
| 650 | 0 | |a Personalidad |9 307255 | |
| 650 | 0 | |a Salud mental |9 308393 | |
| 650 | 0 | |a Motivación |9 315362 | |
| 650 | 7 | |a PSICOSIS |2 CL-VaPUC |9 315438 | |
| 650 | 0 | |a Desarrollo individual |9 307875 | |
| 650 | 0 | |a Interacción social |9 307764 | |
| 650 | 7 | |a INVESTIGACION PSICOLOGICA |2 CL-VaPUC |9 309030 | |
| 583 | |a last modification |c 19950526 00:00:00 |k Rodrigo Vera | ||
| 490 | 0 | |a Fundamentos de la psicología moderna | |
| 999 | |c 234044 |d 234042 | ||
| 952 | |0 0 |1 0 |4 0 |6 155_200000000000000_LAZ_1965 |7 0 |8 P |9 239985 |a BIBEDU |b BIBEDU |c BIBEDU_PB |d 2019-11-18 |i 1507990 |o 155.2 LAZ 1965 |p 1507990 |r 2024-01-25 |w 2019-11-18 |y BK |k EDU | ||